Online
Catalog

El laberinto de la medicina : (Record no. 20343)

MARC details
000 -CABECERA
campo de control de longitud fija 00939nam a2200229 u 4500
001 - NÚMERO DE CONTROL
campo de control 000020840
005 - FECHA Y HORA DE LA ÚLTIMA TRANSACCIÓN
campo de control 20200930011156.0
008 - DATOS DE LONGITUD FIJA--INFORMACIÓN GENERAL
campo de control de longitud fija 100818s1964 sp a 000 0 spa d
040 ## - FUENTE DE LA CATALOGACIÓN
Centro catalogador/agencia de origen DO-SdBNP
Lengua de catalogación spa
Centro/agencia transcriptor BPJMB
041 17 - CÓDIGO DE LENGUA
Código de lengua del texto/banda sonora o título independiente spa
Código de lengua original ger
Fuente del código Código de idiomas MARC
082 ## - NÚMERO DE LA CLASIFICACIÓN DECIMAL DEWEY
Número de clasificación 610.9
Número de documento/Ítem G549d
100 1# - ENTRADA PRINCIPAL--NOMBRE DE PERSONA
Nombre de persona Glasscheib, H. S.
9 (RLIN) 43677
240 14 - TÍTULO UNIFORME
Título uniforme Das labyrinth der medizin. Irrwege und trimphe der heilkunde.
Lenguaje de la obra Español
245 13 - MENCIÓN DE TÍTULO
Título El laberinto de la medicina :
Resto del título errores y triunfos de la terapéutica /
Mención de responsabilidad, etc. H. S. Glasscheib ; traducción Emilio Donato Prunera.
260 ## - PUBLICACIÓN, DISTRIBUCIÓN, ETC.
Lugar de publicación, distribución, etc. Barcelona, (España) :
Nombre del editor, distribuidor, etc. Ediciones Destino,
Fecha de publicación, distribución, etc. 1964.
300 ## - DESCRIPCIÓN FÍSICA
Extensión 360 p. :
Otras características físicas il. ;
Dimensiones 25 cm.
534 ## - NOTA SOBRE LA VERSIÓN ORIGINAL
Encabezamiento principal del original Título de la versión original :
Mención de título del original Das labyrinth der medizin. Irrwege und trimphe der heilkunde
650 #4 - PUNTO DE ACCESO ADICIONAL DE MATERIA--TÉRMINO DE MATERIA
Término de materia o nombre geográfico como elemento de entrada Medicina
Subdivisión general Historia
9 (RLIN) 18676
650 #4 - PUNTO DE ACCESO ADICIONAL DE MATERIA--TÉRMINO DE MATERIA
Término de materia o nombre geográfico como elemento de entrada Medicina antigua
9 (RLIN) 43678
650 #4 - PUNTO DE ACCESO ADICIONAL DE MATERIA--TÉRMINO DE MATERIA
Término de materia o nombre geográfico como elemento de entrada Literatura medica
9 (RLIN) 43679
700 1# - PUNTO DE ACCESO ADICIONAL--NOMBRE DE PERSONA
Nombre de persona Donato Prunera, Emilio,
Término indicativo de función/relación tr.
9 (RLIN) 43680

No items available.

Powered by Koha